|
|
|
|
| LEADER |
01103nam a2200229 a 4500 |
| 001 |
GR-Patra15208 |
| 008 |
030402s2000 gr g 000 0 gre d |
| 040 |
|
|
|a GrPaTEI
|b gre
|c GR-PaULI
|
| 040 |
|
|
|a GrPaTEI
|b gre
|c GR-PaULI
|
| 082 |
|
0 |
|a 344.041
|2 21
|
| 100 |
1 |
|
|a Αλεξιάδης, Αριστείδης - Δημήτριος Α.
|
| 245 |
1 |
0 |
|a Δίκαιο της υγείας :
|b δεοντολογία της υγείας: νομοθεσία-νομολογία /
|c Αλεξιάδης Αθαν. Αριστείδης-Δημήτριος ; πρόλογος Άγγελου Στεργίου.
|
| 260 |
|
|
|a Θεσσαλονίκη :
|b Μ. Δημοπούλου,
|c 2000
|
| 300 |
|
|
|a 224σ.
|
| 504 |
|
|
|a Βιβλιογραφία: σ.213-224
|
| 650 |
|
4 |
|a ΔΙΚΑΙΟ
|
| 650 |
|
4 |
|a ΥΓΕΙΑ
|
| 710 |
0 |
|
|a Μ. Δημοπούλου
|
| 942 |
|
|
|2 ddc
|
| 952 |
|
|
|0 0
|1 0
|2 ddc
|4 0
|6 344_041000000000000_ΑΛΕ
|7 0
|9 294028
|a LISK
|b LISK
|c BSC
|d 2021-01-17
|e 24
|f 1
|g 0.00
|l 0
|o 344.041 ΑΛΕ
|p 92410019491
|r 2021-01-17 00:00:00
|t 1
|w 2021-01-17
|y BK15
|x 20030402 0 1
|x GrPaTEI
|
| 971 |
|
|
|a .b26627231
|b 15-04-20
|c 23-09-16
|
| 999 |
|
|
|c 171858
|d 171858
|